NR goods export best way to check price rise (Record no. 64136)

MARC details
000 -LEADER
fixed length control field 00303nam a2200121Ia 4500
100 ## - MAIN ENTRY--AUTHOR NAME
Personal name Mathew K J
245 #0 - TITLE STATEMENT
Title NR goods export best way to check price rise
260 ## - PUBLICATION, DISTRIBUTION, ETC. (IMPRINT)
Name of publisher Rubber Asia
Year of publication 1997
300 ## - PHYSICAL DESCRIPTION
Number of Pages 15-16
650 ## - SUBJECT ADDED ENTRY--TOPICAL TERM
Topical Term NR goods export
942 ## - ADDED ENTRY ELEMENTS (KOHA)
Koha item type Journals
Holdings
Withdrawn status Lost status Damaged status Not for loan Home library Current library Shelving location Date acquired Serial Enumeration / chronology Koha item type
      Journals RRII Library RRII Library Agricultural economics 17/12/2021 Volume 11, Issue 2 Journals